Geography Quiz

Random Geography or City Quiz
Score 0/18 Timer 08:00
0 Plays Today
% Correct
New York, United States
99%
London, United Kingdom
97.5%
Rome, Italy
97.1%
Washington D.C., United States
95.6%
Paris, France
94.4%
New Orleans, United States
76.8%
Mexico City, Mexico
75.4%
Jerusalem, Israel
75.1%
St. Louis, United States
73.6%
% Correct
Chicago, United States
69.5%
Amsterdam, Netherlands
67.5%
Istanbul, Turkey
65.9%
Pamplona, Spain
56.5%
Tehran, Iran
51.9%
Rio de Janeiro, Brazil
51%
Bangkok, Thailand
44%
Havana, Cuba
27.9%
Bishkek, Kyrgyzstan
24.2%

You're not logged in!

Compare scores with friends on all Sporcle quizzes.
OR
Log In

Sporcle TV

Today on Sporcle TV


Watch our educational content, quiz creation guides, and fun videos on Sporcle TV.

Show Comments

Extras

Top Quizzes Today


Score Distribution

Paid Content

Your Account Isn't Verified!

In order to create a playlist on Sporcle, you need to verify the email address you used during registration. Go to your Sporcle Settings to finish the process.

Report this User

Report this user for behavior that violates our Community Guidelines.

Details: